Nghiên cứu xây dựng bộ chỉ số chất lượng nước mặt (wqi) phục vụ đánh giá, phân loại chất lượng nước phù hợp với đặc thù sông Vàm Cỏ Đông, Tỉnh Long An : Luận văn thạc sĩ - Chuyên ngành: Quản lý Tài nguyên và Môi trường

Bewaard in:
Bibliografische gegevens
Hoofdauteur: Lê, Hoàng Phương Thảo
Formaat: Luận văn
Taal:Undetermined
Gepubliceerd in: Trường Đại học Công Nghiệp Tp. Hồ Chí Minh 2021
Onderwerpen:
Online toegang:https://opac.iuh.edu.vn/TraCuuTaiLieuSo2XemChiTiet.aspx?Id=111699
Tags: Voeg label toe
Geen labels, Wees de eerste die dit record labelt!
Thư viện lưu trữ: Trung tâm Thư viện - Trường Đại học Công nghiệp TP. Hồ Chí Minh
LEADER 00986nam a2200169Ia 4500
001 UIH_02086
008 230809s9999 xx 000 0 und d
082 |a 628.1 
100 |a Lê, Hoàng Phương Thảo 
245 0 |a Nghiên cứu xây dựng bộ chỉ số chất lượng nước mặt (wqi) phục vụ đánh giá, phân loại chất lượng nước phù hợp với đặc thù sông Vàm Cỏ Đông, Tỉnh Long An : Luận văn thạc sĩ - Chuyên ngành: Quản lý Tài nguyên và Môi trường 
245 0 |c Lê, Hoàng Phương Thảo 
260 |b Trường Đại học Công Nghiệp Tp. Hồ Chí Minh 
260 |c 2021 
650 |a Quản lý tài nguyên;Môi trường nước; 
856 |u https://opac.iuh.edu.vn/TraCuuTaiLieuSo2XemChiTiet.aspx?Id=111699 
927 |a Luận văn 
980 |a Trung tâm Thư viện - Trường Đại học Công nghiệp TP. Hồ Chí Minh